New retro : classic graphics, today's designs (Record no. 10359)

000 -LEADER
fixed length control field 00455nam a2200169Ia 4500
003 - CONTROL NUMBER IDENTIFIER
control field OSt
005 - DATE AND TIME OF LATEST TRANSACTION
control field 20220315165907.0
008 - FIXED-LENGTH DATA ELEMENTS--GENERAL INFORMATION
fixed length control field 220308s9999 xx 000 0 und d
020 ## - INTERNATIONAL STANDARD BOOK NUMBER
International Standard Book Number 9780500514702
082 ## - DEWEY DECIMAL CLASSIFICATION NUMBER
Classification number 741.60905
100 ## - MAIN ENTRY--PERSONAL NAME
Personal name Dermody, Brenda; Breathnach, Teresa
245 #0 - TITLE STATEMENT
Title New retro : classic graphics, today's designs
260 ## - PUBLICATION, DISTRIBUTION, ETC. (IMPRINT)
Name of publisher, distributor, etc Thames and Hudson; Illustrated edition (27 October 2009)
365 ## - TRADE PRICE
Price type code GBP
365 ## - TRADE PRICE
Unit of pricing 35
942 ## - ADDED ENTRY ELEMENTS (KOHA)
Source of classification or shelving scheme
Holdings
Withdrawn status Lost status Source of classification or shelving scheme Damaged status Koha normalized classification for sorting Not for loan Permanent location Current location Date acquired Source of acquisition Cost, normal purchase price Full call number Barcode Date last seen Cost, replacement price Price effective from Koha item type
        741_609050000000000   BMS College of Architecture, Design and Planning BMS College of Architecture, Design and Planning 2022-03-15 1 2623.95 741.60905 AR-UG2526 2022-03-15 3748.50 2022-03-15 UG Books
Copyright © 2025, The Librarian, Library and Information Centre, BMSCA D&P, Bengaluru. All Rights Reserved
web counter

Powered by Koha